000 01097pam a2200301 a 4500
001 2629781
003 OSt
005 20211101150235.0
008 990125s2000 maua b 001 0 eng
010 _a 99018631
020 _a0697375404 (pbk. : alk. paper)
035 _a(DLC) 99018631
040 _aDLC
_cHU
_dDLC
050 0 0 _aLB1051
_b.T6695 2000
082 0 0 _a370.15TRA 2000
_221
245 0 0 _aEducational psychology :
_beffective teaching, effective learning /
_cStephen N. Elliott ... [et al.].
250 _a3rd ed.
260 _aBoston :
_bMcGraw-Hill,
_cc2000.
300 _axxiv, 631 p. :
_bill. (some col.) ;
_c26 cm.
504 _aIncludes bibliographical references (p. 605-617) and indexes.
650 0 _aEducational psychology.
_916486
650 0 _aLearning, Psychology of.
_911774
650 0 _aEffective teaching.
_916487
700 1 _aElliott, Stephen N.
_916488
906 _a7
_bcbc
_corignew
_d1
_eocip
_f19
_gy-gencatlg
942 _2ddc
_cBOOKS
_n0
999 _c16120
_d16120